[Event "Oberpfalz-ch M1"]
[Site "Schwandorf"]
[Date "2015.03.29"]
[Round "3"]
[White "Vilsmeier, Christian"]
[Black "Ott, Ian"]
[Result "1-0"]
[WhiteElo "2057"]
[BlackElo "1851"]
[PlyCount "89"]
[EventDate "2015.03.28"]
[EventType "swiss"]
[EventRounds "8"]
[EventCountry "GER"]
[SourceTitle "EXT 2022"]
[Source "ChessBase"]
[SourceDate "2021.10.06"]
[SourceVersion "1"]
[SourceVersionDate "2021.10.06"]
[SourceQuality "1"]

1. e4 c5 2. Nc3 Nc6 3. g3 g6 4. Bg2 Bg7 5. d3 a6 6. Nge2 e6 7. Be3 d6 8. Qd2 Nge7 9. Bh6 0-0 10. Bxg7 Kxg7 11. 0-0 Qc7 12. f4 Rb8 13. g4 f5 14. exf5 exf5 15. g5 Be6 16. Kh1 d5 17. d4 c4 18. Ng1 b5 19. Rfe1 Bg8 20. Nf3 Nc8 21. Ne5 N6e7 22. Nd1 Nd6 23. c3 Ne4 24. Qc2 Nc8 25. Ne3 Ncd6 26. Rac1 Be6 27. Red1 Rfc8 28. Kg1 Rb6 29. Qe2 Qb7 30. Rc2 a5 31. Rdc1 b4 32. Qe1 Bf7 33. Nd1 b3 34. Re2 bxa2 35. Ra1 Ra8 36. Rxa2 a4 37. Rc2 Be8 38. Nf2 Rb3 39. Bxe4 Nxe4 40. Nxe4 fxe4 41. Qh4 Qc8 42. Ng4 Bf7 43. f5 gxf5 44. Qh6+ Kh8 45. Qf6+ 1-0

[Event "Wittelsbach op 1st"]
[Site "Kelheim"]
[Date "2012.12.29"]
[Round "6"]
[White "Berchtenbreiter, Maximilian"]
[Black "Vilsmeier, Christian"]
[Result "1-0"]
[WhiteElo "2360"]
[BlackElo "1755"]
[PlyCount "63"]
[EventDate "2012.12.26"]
[EventType "swiss"]
[EventRounds "7"]
[EventCountry "GER"]
[SourceTitle "EXT 2014"]
[Source "ChessBase"]
[SourceDate "2013.11.20"]
[SourceVersion "1"]
[SourceVersionDate "2013.11.20"]
[SourceQuality "1"]

1. d4 e6 2. c4 d5 3. Nc3 Nf6 4. Bg5 Be7 5. e3 0-0 6. Nf3 b6 7. Be2 Bb7 8. 0-0 Nbd7 9. Rc1 c5 10. cxd5 exd5 11. dxc5 Nxc5 12. Nd4 Nfe4 13. Bxe7 Qxe7 14. a3 Rac8 15. Bg4 Nxc3 16. Rxc3 Ne6 17. Qd2 Rxc3 18. Qxc3 Rc8 19. Qd2 Rc4 20. Be2 Nxd4 21. Bxc4 Nf3+ 22. gxf3 Qg5+ 23. Kh1 dxc4 24. Qe2 Qg4 25. e4 Qf4 26. Rg1 g6 27. Rd1 Ba6 28. Qe3 Qh4 29. Qd4 Qf4 30. Qc3 f5 31. Rd7 Qh6 32. Qf6 1-0

[Event "Oberpfalz-ch M2"]
[Site "Roding"]
[Date "2010.03.30"]
[Round "8"]
[White "Bauer, Tobias"]
[Black "Vilsmeier, Christian"]
[Result "1/2-1/2"]
[WhiteElo "1694"]
[BlackElo "1669"]
[PlyCount "117"]
[EventDate "2010.03.27"]
[EventType "swiss"]
[EventRounds "8"]
[EventCountry "GER"]
[SourceTitle "EXT 2012"]
[Source "ChessBase"]
[SourceDate "2011.11.24"]
[SourceVersion "1"]
[SourceVersionDate "2011.11.24"]
[SourceQuality "1"]

1. d4 e6 2. f4 Nf6 3. e3 b6 4. Nf3 Bb7 5. Bd3 Be4 6. 0-0 d5 7. Ne5 c6 8. Nd2 Bxd3 9. cxd3 Be7 10. g4 0-0 11. g5 Nfd7 12. Qg4 Nxe5 13. dxe5 d4 14. Ne4 dxe3 15. Rf3 Nd7 16. Rh3 Re8 17. Nf6+ Bxf6 18. gxf6 Nxf6 19. exf6 Qxf6 20. Rxe3 Rad8 21. a4 Rd4 22. Rf3 Red8 23. Ra3 b5 24. axb5 cxb5 25. Qg5 Qxg5+ 26. fxg5 R8d7 27. Rc3 b4 28. Rc8+ Rd8 29. Rxd8+ Rxd8 30. Bd2 a5 31. Kf1 Rd4 32. Ke2 Rg4 33. Kf2 a4 34. Rf4 Rxf4+ 35. Bxf4 a3 36. Be5 h6 37. gxh6 gxh6 38. Ke3 Kh7 39. Kd2 Kg6 40. Kc2 Kf5 41. bxa3 Kxe5 42. axb4 Kd4 43. Kd2 f5 44. Ke2 Kd5 45. Kf3 Kc6 46. Kf4 Kb5 47. Ke5 Kxb4 48. d4 Kc4 49. Kxe6 f4 50. d5 f3 51. d6 f2 52. d7 f1Q 53. d8Q Qh3+ 54. Kf7 Qxh2 55. Kg6 h5 56. Qc8+ Kd4 57. Qd7+ Ke3 58. Qe6+ Kf2 59. Qa2+ 1/2-1/2

[Event "Oberpfalz-ch M2"]
[Site "Roding"]
[Date "2010.03.30"]
[Round "7"]
[White "Vilsmeier, Christian"]
[Black "Zwetz, Anita"]
[Result "1-0"]
[WhiteElo "1669"]
[BlackElo "1688"]
[PlyCount "99"]
[EventDate "2010.03.27"]
[EventType "swiss"]
[EventRounds "8"]
[EventCountry "GER"]
[SourceTitle "EXT 2012"]
[Source "ChessBase"]
[SourceDate "2011.11.24"]
[SourceVersion "1"]
[SourceVersionDate "2011.11.24"]
[SourceQuality "1"]

1. e4 e6 2. d4 d5 3. Nc3 Bb4 4. exd5 exd5 5. Bd3 Ne7 6. Nf3 Bf5 7. 0-0 c6 8. Bg5 f6 9. Bf4 Bxd3 10. Qxd3 Bd6 11. Bxd6 Qxd6 12. Ne2 Nd7 13. Ng3 0-0-0 14. Rab1 a6 15. b4 Nb6 16. Qb3 Nc4 17. a4 g5 18. Rfd1 h5 19. b5 a5 20. bxc6 Qxc6 21. Nd2 h4 22. Ngf1 Rd6 23. c3 b6 24. Nxc4 dxc4 25. Qb5 Nd5 26. Qxc6+ Rxc6 27. Rbc1 Re8 28. Nd2 g4 29. Kf1 Nf4 30. Re1 Rxe1+ 31. Rxe1 Nd3 32. d5 Rc5 33. Re4 Rxd5 34. Nxc4 Rf5 35. Nd6+ Kc7 36. Nxf5 g3 37. hxg3 hxg3 38. Nxg3 Nc5 39. Rf4 Kb7 40. Ne4 Nd3 41. Rxf6 Nb2 42. Rf4 Kc6 43. Nd2 Nd3 44. Rd4 Nb2 45. g4 b5 46. axb5+ Kxb5 47. g5 a4 48. g6 a3 49. g7 a2 50. Nb3 1-0